000
00334 a2200157 4500
001
56707
020
_a
8500482419
040
_c
Anchieta - Pituba
100
_a
Mendes, Sulema
240
1
0
_a
Uma vitória legal
_l
por
245
1
0
_a
Uma vitória legal
300
_a
95
362
0
_a
1977
650
4
_a
Literatura juvenil
942
_c
BK
999
_c
56707
_d
56707